[Event "AUTO-MASTER-3286"]
[Site "http://www.queenalice.com/game.php?id=1864680"]
[Date "2025.10.24"]
[Round "1"]
[White "Rafale2000"]
[Black "JailtonMaster"]
[Result "1-0"]
[WhiteElo "1960"]
[BlackElo "2200"]

1. e4 e5 2. Nf3 Nc6 3. d4 exd4 4. Bc4 Qe7 5. O-O d6 6. Nxd4 Nxd4 7. Qxd4 Be6 8.
Nd2 Bxc4 9. Nxc4 f6 10. f4 c5 11. Qd5 O-O-O 12. a4 Nh6 13. Be3 Qf7 14. Rfd1 Qc7
15. h3 Nf7 16. Rd2 h6 17. Rad1 g5 18. c3 Bg7 19. Qe6+ Kb8 20. Nxd6 Nxd6 21. Rxd6
Rxd6 22. Qxd6 b6 23. e5 fxe5 24. fxg5 hxg5 25. Bxg5 Re8 26. Qg6 Rf8 27. Qd6 Qxd6
28. Rxd6 Kc7 29. Re6 Rf7 30. Re7+ Rxe7 31. Bxe7 Kc6 32. Kf2 Kd5 33. g4 Kc4 34.
g5 Kb3 35. Bf6 Bf8 36. g6 Kxa4 37. Bxe5 Kb3 38. g7 1-0

[Event "AUTO-MASTER-3286"]
[Site "http://www.queenalice.com/game.php?id=1864681"]
[Date "2025.10.24"]
[Round "1"]
[White "JailtonMaster"]
[Black "Rafale2000"]
[Result "1-0"]
[WhiteElo "2182"]
[BlackElo "1960"]

1. d4 Nf6 2. c4 c5 3. e3 e6 4. Nc3 cxd4 5. exd4 Bb4 6. Qc2 d5 7. cxd5 Nxd5 8.
Nf3 Nc6 9. Bb5 Bd7 10. O-O O-O 11. a3 Be7 12. Re1 Nxc3 13. bxc3 a6 14. Bd3 Bf6
15. Bxh7+ Kh8 16. Re3 g6 17. Bxg6 fxg6 18. Qxg6 Qe8 19. Qh6+ Kg8 20. Ne5 Bxe5
21. dxe5 1-0

[Event "AUTO-ADV-4890"]
[Site "http://www.queenalice.com/game.php?id=1865444"]
[Date "2025.11.11"]
[Round "2"]
[White "JailtonMaster"]
[Black "Capixabba789"]
[Result "1-0"]
[WhiteElo "2205"]
[BlackElo "1953"]

1. d4 d5 2. c4 Nf6 3. Nc3 e6 4. Nf3 Be7 5. e3 O-O 6. Bd3 c6 7. O-O Nbd7 8. Qc2
Re8 9. b3 Nf8 10. Bb2 Ng6 11. e4 dxe4 12. Nxe4 b6 13. Rad1 Bb7 14. Rfe1 c5 15.
Nxf6+ Bxf6 16. dxc5 Qe7 17. cxb6 axb6 18. Bxf6 Qxf6 19. Be4 Bxe4 20. Rxe4 h6 21.
b4 Qe7 22. c5 bxc5 23. bxc5 Rec8 24. c6 Qc7 25. Red4 Qxc6 26. Rd8+ Kh7 27. Qxc6
Rxc6 28. Rxa8 1-0

[Event "AUTO-ADV-4890"]
[Site "http://www.queenalice.com/game.php?id=1865445"]
[Date "2025.11.11"]
[Round "2"]
[White "Capixabba789"]
[Black "JailtonMaster"]
[Result "0-1"]
[WhiteElo "1907"]
[BlackElo "2207"]

1. d4 d5 2. Nc3 Nf6 3. f4 e6 4. Nf3 Bb4 5. Bd2 O-O 6. e3 c5 7. dxc5 Bxc5 8. Bd3
Nc6 9. O-O a6 10. Kh1 Qc7 11. Ne2 b5 12. Ng3 Qb6 13. Ne5 Nxe5 14. fxe5 Nd7 15.
Qh5 g6 16. Qh6 Nxe5 17. Bc3 Bxe3 18. Qh4 d4 19. Bb4 Re8 20. Qf6 Qc7 21. c3 Bb7
22. Be4 Bxe4 23. Nxe4 Ng4 24. Qh4 f5 25. Nf6+ Nxf6 26. Qxf6 a5 27. Ba3 dxc3 28.
bxc3 Bc5 29. Bb2 e5 30. Qg5 Qf7 31. Rad1 Qxa2 32. Ba1 Qe6 33. Rf3 Be7 34. Qh6
Bf8 35. Qg5 b4 36. cxb4 axb4 37. Rdf1 e4 38. Rxf5 Qxf5 39. Rxf5 Rxa1+ 0-1

[Event "AUTO-MASTER-3288"]
[Site "http://www.queenalice.com/game.php?id=1865531"]
[Date "2025.11.13"]
[Round "1"]
[White "JailtonMaster"]
[Black "chessman"]
[Result "1-0"]
[WhiteElo "2190"]
[BlackElo "2094"]

1. d4 d5 2. c4 c6 3. Nc3 Nf6 4. Nf3 e6 5. Bg5 Be7 6. e3 O-O 7. Bd3 Re8 8. Qc2
Nbd7 9. O-O Nf8 10. e4 dxe4 11. Nxe4 Nxe4 12. Bxe7 Qxe7 13. Bxe4 h6 14. Rfe1 Bd7
15. d5 Rad8 16. Rad1 cxd5 17. cxd5 Qf6 18. dxe6 Bxe6 19. Rxd8 Rxd8 20. Ne5 b6
21. h3 Qf4 22. g3 Qg5 23. Bg2 Qd2 24. Qb1 Bxa2 25. Qa1 Be6 26. Bf3 Qb4 27. Nc6
Qb3 28. Re3 Rd3 29. Rxd3 Qxd3 30. Bg2 a5 31. Qe1 Qc2 32. Qe5 Qc1+ 33. Kh2 Qc5
34. Qc7 Qxf2 35. Qd8 Qxb2 36. Ne7+ Kh7 37. Qxf8 1-0

[Event "AUTO-MASTER-3288"]
[Site "http://www.queenalice.com/game.php?id=1865550"]
[Date "2025.11.13"]
[Round "1"]
[White "JailtonMaster"]
[Black "Capixabba789"]
[Result "1-0"]
[WhiteElo "2186"]
[BlackElo "1870"]

1. d4 d5 2. c4 Nf6 3. Nc3 e6 4. Nf3 Nc6 5. e3 Be7 6. Bd3 dxc4 7. Bxc4 O-O 8. O-O
Bd6 9. e4 e5 10. dxe5 Nxe5 11. Nxe5 Bxe5 12. Qe2 Bg4 13. f3 Be6 14. Bxe6 fxe6
15. Qc4 Qd4+ 16. Qxd4 Bxd4+ 17. Kh1 e5 18. Nb5 Bb6 19. b3 Nxe4 20. Ba3 Nf2+ 21.
Rxf2 Bxf2 22. Bxf8 Rxf8 23. Nxc7 Rc8 24. Ne6 h6 25. Rd1 Rc2 26. g3 Rxa2 27. Rd7
b6 28. Rxg7+ Kh8 29. Rg6 Be3 30. f4 exf4 31. Rxh6+ Kg8 32. gxf4 Rb2 33. Rg6+ Kf7
34. f5 Rxb3 35. Rg7+ Kf6 36. Rxa7 Kxf5 37. Ng7+ Kg6 38. Ne6 Rb1+ 39. Kg2 b5 40.
Ra6 Kf5 41. Ng7+ Kg4 42. Rg6+ Kf4 43. Kh3 b4 44. Rg4+ Kf3 45. Rc4 Bd2 46. Nf5 b3
47. Nd4+ Kf2 48. Nxb3 Rxb3+ 49. Kg4 Bc3 50. h4 Bb2 51. Rf4+ Ke3 52. Rf3+ Ke4 53.
Rxb3 1-0

[Event "AUTO-ELITE-2601"]
[Site "http://www.queenalice.com/game.php?id=1866013"]
[Date "2025.11.22"]
[Round "1"]
[White "JailtonMaster"]
[Black "Sexxy_Bunny"]
[Result "0-1"]
[WhiteElo "2213"]
[BlackElo "2660"]

1. d4 Nf6 2. c4 e6 3. Nf3 d5 4. Nc3 c6 5. Bg5 h6 6. Bh4 dxc4 7. e4 g5 8. Bg3 b5
9. a3 Bb7 10. Be2 Nbd7 11. d5 cxd5 12. exd5 Nxd5 13. Nxd5 Bxd5 14. O-O Bg7 15.
Nd4 a6 16. f4 Qf6 17. Bf2 Qxf4 18. Nf3 O-O 19. Bd4 Bxf3 20. Bxg7 Qe3+ 21. Rf2
Bxe2 22. Qxd7 Kxg7 23. Re1 Rad8 24. Qe7 Qd4 0-1

[Event "AUTO-MASTER-3275"]
[Site "http://www.queenalice.com/game.php?id=1866503"]
[Date "2025.12.4"]
[Round "2"]
[White "cerenzo72"]
[Black "JailtonMaster"]
[Result "1-0"]
[WhiteElo "2169"]
[BlackElo "2223"]

1. c4 Nf6 2. g3 c6 3. Bg2 e6 4. d4 d5 5. Qc2 Be7 6. Nf3 O-O 7. O-O Nbd7 8. Nc3
dxc4 9. e4 b5 10. Ng5 h6 11. e5 Nd5 12. Qh7# 1-0